[Event "Østlandsserien 2011/2012, 2. div"]
[Site "Ås, Akershus NOR"]
[Date "2012.03.11"]
[Round "7"]
[White "Tangen, Thomas"]
[Black "Lea, Per"]
[Result "0-1"]
[WhiteElo "1694"]
[BlackElo "1669"]
[Annotator "Lea,Per"]
[PlyCount "50"]
[EventDate "2011.11.06"]
[WhiteTeam "Strømmen 1"]
[BlackTeam "Follo 1"]

1. a3 {Toppkarakter for originalitet! Men åpningen har et navn:
Anderssen-åpning etter Adolf Anderssen, kjent for seieren i London 1851 og en
håndfull historiske sjakkpartier fra andre halvdel av 1800-tallet. Svart gjør
klokest i å ikke prøve å bevise at åpningen er dårlig, men bare utvikle seg
naturlig. I noen varianter kan man ende opp i kjente åpninger med motsatte
farger, hvor hvit har "fått" trekket a3 gratis. Men i noen av disse variantene
kan trekket heller være en hemsko.} e5 2. g3 d5 3. Bg2 c5 4. c4 d4 {Åpner opp e
n lang hvit løperdiagonal, som gjør at svart i mange trekk framover må ta
hensyn til bonden på b7/tårnet på a8.} 5. d3 Qc7 6. f4 exf4 7. Bxf4 Bd6 8. Bxd6
({Ikke} 8. Bg5 $2 Bxg3+ 9. Kd2 (9. hxg3 Qxg3+ 10. Kf1 Qxg5 $19) 9... Bxh2 $19)
8... Qxd6 9. Nd2 Nf6 10. Ne4 Nxe4 11. Bxe4 Nd7 12. Qa4 $2 {Bindingen av
springeren oppheves umiddelbart. Hvit burde derfor ha prioritert utvikling av
springeren.} O-O 13. O-O-O Nf6 14. Bf3 Bd7 {For meg virker det naturlig å
utvikle løperen med tempo, men en eller annen sjakk-guru sa: "Det er ingen
vits i å utvikle dronningløperen - den ER allerede utviklet! der den står"} 15.
Qa5 b6 ({Bedre var sannsynligvis:} 15... Rab8 16. Qxa7 (16. h4 b5 17. Nh3 bxc4
18. dxc4 Qe6 $1 $19) 16... b5 17. cxb5 Rxb5 18. Rd2 Rfb8 {
med store problemer for hvit.}) 16. Qe1 ({På} 16. Qa6 {hadde jeg planlagt} Bc8
17. Qa4 Bd7 {med remis etter trekkgjentagelse, men også der hadde tårn i
a-linja, framstøt med b-bonden og ofring av bonden på a7, som ovenfor, hadde
vært bedre.}) 16... Rae8 ({Jeg ville hindre hvit å løsne litt på slipset etter
} 16... Rab8 17. e4 dxe3 18. Qxe3 Rfe8 {
selv om det kan synes paradoksalt å fjerne tårnet fra dronningfløyen.}) 17. h4
b5 18. Nh3 $2 {Springeren skulle nok vært utviklet for ca 15 trekk siden...}
bxc4 19. dxc4 Qa6 {Vinner en bonde i første omgang.} 20. Rd2 $2 {
Til liten hjelp. Nå er det vanskelig å se hvordan hvit skal unngå kvalitetstap.
} ({Alternativene er heller ikke særlig forlokkende:} 20. Kb1 Re3 21. Rd3 Bf5
22. Nf2 Qxc4 23. Qd2 Qe6) (20. Nf4 Re3 21. Rd3 Qxc4+ 22. Kb1 Bf5) (20. e4 Qxc4+
21. Kb1 Qb3 22. Qe2 Bb5 23. Qg2 Bd3+ 24. Ka1 Bc4 25. Kb1 Qa2+ 26. Kc1 Bb3 $19)
20... Bf5 {Sterkere enn å slå på c4 med en gang.} 21. Nf2 ({
Det minste av flere onder, er:} 21. Rc2 Bxc2 22. Kxc2 Re3) 21... Qxc4+ 22. Kd1
Qb3+ 23. Kc1 Qa2 ({Enda bedre er:} 23... Re3 24. Rd3 Qa2 25. Qa5 Rb8 26. b4)
24. Rc2 Bxc2 25. Kxc2 Re3 {
Hvit har problemer med å finne fornuftige forsvarstrekk og ga derfor opp.} 0-1

[Event "Østlandsserien 2011/2012, 2. div"]
[Site "Ås, Akershus NOR"]
[Date "2012.03.11"]
[Round "7"]
[White "Olsen, Trygve"]
[Black "Silva, Francisco Gonzalez"]
[Result "0-1"]
[WhiteElo "1278"]
[BlackElo "1732"]
[Annotator "Lea,Per"]
[PlyCount "52"]
[EventDate "2011.11.06"]
[WhiteTeam "Follo 1"]
[BlackTeam "Strømmen 1"]

1. f4 e5 2. fxe5 d6 3. Nf3 ({En kjent(?) kjempetabbe i åpningen er:} 3. exd6
Bxd6 4. Nf3 g5 5. h3 $4 Bg3#) 3... Nc6 4. d4 dxe5 5. d5 Nce7 6. e4 Ng6 7. Bc4
Bc5 8. Qe2 a6 9. a3 Nf6 10. Be3 Qe7 (10... Nf4 11. Bxf4 ({Forsert på grunn av} 
11. Qd2 $4 Bxe3 12. Qxe3 Nxg2+) 11... exf4 12. Nc3 O-O 13. O-O-O {og svart har
en liten fordel på grunn av løperparet og kontroll over e3, f.eks.:} Ng4 14.
Rde1 c6 15. g3 cxd5 16. Nxd5 b5 17. Bb3) 11. Nbd2 b5 12. Bxb5+ {Et Trygev Olsen
-parti uten offer (vanligvis på f2 eller f7) er ikke noe ordentlig Trygve
Olsen-parti! Men her er det ikke godt nok, kanskje trodde hvit at han ville
vinne tilbake løperen på c5?} axb5 13. Qxb5+ Nd7 {
og løperen på c5 er tilstrekkelig gardert.} 14. Qe2 $2 {
Bedre å satse alt på bondehæren på dronningfløyen:} (14. Bxc5 Qxc5 15. Qxc5
Nxc5 16. b4) 14... Ba6 15. c4 O-O 16. O-O Nf4 17. Qf2 Nd3 18. Bxc5 N7xc5 19.
Qg3 Nf4 20. Kh1 f6 21. b3 Ncd3 {Nå begynner de svarte springerne å bli direkte
plagsomme, kanskje var det lurt å ikke satse på løperparet allikevel! (se
kommentar til svarts 10. trekk)} 22. Nh4 Bc8 23. h3 f5 (23... Qc5 {og nettet sn
ører seg enda strammere om hvits konge, pluss at dronninga begynner å få
dårlig med fluktfelt når svarts gangere går på damejakt!}) 24. Nhf3 $2 {
Fort gjort å gå seg vill i variantene, men hvit er nok fortapt uansett hvilke
sprell han prøver seg på.} Ne2 25. Qh2 (25. Qg5 Qxg5 26. Nxg5 {
hindrer matten, men koster en kvalitet.}) 25... f4 26. Rfb1 $2 {
Rett inn i en en-trekker, men hvits stilling er i ruiner uansett.} (26. Ne1
Ng3+ 27. Kg1 Qc5+ 28. Rf2 Qxf2# {er bare en utsettelse.}) 26... Nf2# {
Morsomt. "Sluttstillingen fortjener et eget diagram", som det ofte heter i
sjakkbøker og -tidsskrifter.} 0-1

[Event "Østlandsserien 2011/2012, 3. div"]
[Site "Oslo NOR"]
[Date "2011.11.06"]
[Round "1"]
[White "Furnes, Torstein"]
[Black "Andersen, Viggo"]
[Result "1-0"]
[WhiteElo "1584"]
[BlackElo "1548"]
[Annotator "Furnes,Torstein"]
[PlyCount "71"]
[EventDate "2011.11.06"]
[WhiteTeam "Follo 2"]
[BlackTeam "Stjernen 3"]

1. d4 Nf6 2. c4 g6 3. Nc3 d5 4. cxd5 Nxd5 5. e4 Nxc3 6. bxc3 Bg7 7. Nf3 O-O 8.
Be2 c5 9. O-O ({I åpningsbiblioteket til Fritz 10 er hovedvarianten} 9. Rb1
cxd4 10. cxd4 Qa5+ 11. Bd2 Qxa2 12. O-O {
og Fritz mener hvit står litt bedre til tross for minusbonden.}) 9... cxd4 10.
cxd4 Nc6 11. Be3 Bg4 12. Rb1 ({
I åpningsbiblioteket til Fritz 10 finnes bare 12.d5 (i tre partier).} 12. d5
Bxa1 $2 {Det er dårlig å slå tårnet.} 13. Qxa1 {Hvit får tilbake materiellet
pga trusselen Lh6, samtidig som springeren på c6 er truet.}) 12... b6 ({
Fritz mener at svart nå bør slå på f3. Partiet Furnes-Ramsøy (runde 4 i
Østlandsserien 2010/2011, 2. div. B)fortsatte} 12... Bxf3 13. Bxf3 Nxd4 14.
Rxb7 Nxf3+ 15. Qxf3 Re8 16. Rd1 Qa5 17. Qe2 Bf8 18. Rdd7 a6 {
(55 trekk, 1-0. Partiet er kommentert på partisiden)}) 13. d5 Na5 14. Bd4 {
Så langt har vi fulgt partier som finnes i den store online databasen 365Chess.
com. Der fortsetter det med enten 14.-Lxd4 eller 14.-Tc8.} f6 $6 {Ulempen med
dette trekket er at sorts løper på g7 blir sperret inne. Og svart får et hull
i stillingen på e6, der hvits løper vil kunne trives godt, noe som blir min
plan å få til de neste trekkene.} 15. h3 Bxf3 16. Bxf3 Rc8 17. Qd3 ({
Jeg ville ikke spille} 17. Bg4 {med en gang på grunn av} f5) 17... Qd6 ({
Fritz foreslår} 17... e5 $5 18. dxe6 Qd6) 18. Bg4 Rc7 ({Fritz foreslår} 18...
f5 19. Bxg7 Kxg7 20. exf5 Rc5 21. Rbd1 h5 22. Bf3 Rxf5) 19. Be6+ Kh8 20. f4 Nc6
$6 ({Fritz foreslår} 20... Nb7) 21. Bb2 ({
Fritz påviser her en nesten forsert variant som vinner offiser:} 21. e5 $1 fxe5
22. fxe5 Rxf1+ 23. Rxf1 Nxe5 24. Qe3 $1 h5 25. Re1 {og hvit vinner springeren
i neste trekk, pga trusselen Dh6# om springeren flytter.}) 21... Nd8 $2 {
Taper kvalitet.} (21... Nb4) 22. Ba3 Rc5 23. Bxc5 Qxc5+ 24. Kh1 Qd6 25. Qc4
Nxe6 26. dxe6 Bh6 27. Rbd1 Qb8 28. Rd7 {Jeg bryr meg ikke om at bonden på f4
faller, når jeg får en farlig fribonde på 6.raden.} Bxf4 29. Rxe7 Be5 30. Rd1
Bd6 31. Rd7 Bc5 32. e7 Bxe7 33. Rxe7 Qg3 34. Qc7 Qh4 35. Rd8 Qh6 36. Rxh7+ 1-0

[Event "Østlandsserien 2011/2012, 3. div"]
[Site "Oslo NOR"]
[Date "2011.11.06"]
[Round "1"]
[White "Lilland, Tom"]
[Black "Hovland, Arne"]
[Result "1-0"]
[WhiteElo "1458"]
[BlackElo "1579"]
[PlyCount "118"]
[EventDate "2011.11.06"]
[WhiteTeam "Stjernen 3"]
[BlackTeam "Follo 2"]

1. e4 e6 2. d4 d5 3. exd5 exd5 4. Bf4 Nf6 5. Bd3 Nc6 6. c3 Bd7 7. Ne2 Bg4 8.
O-O Bd6 9. f3 Bh5 10. Re1 O-O 11. Nd2 Re8 12. Bxd6 Qxd6 13. Ng3 Bg6 14. Qc2 Qf4
15. Bxg6 hxg6 16. Ndf1 b5 17. Qd3 a6 18. Re3 Rxe3 19. Qxe3 Qh4 20. Re1 Re8 21.
Qd2 Ne7 22. Re5 Nc6 23. Rxe8+ Nxe8 24. Qe2 Nd6 25. a4 Kf8 26. axb5 axb5 27. Ne3
Ne7 28. Ng4 Qg5 29. Qe3 Qxe3+ 30. Nxe3 f5 31. Ne2 g5 32. b3 Kf7 33. Kf2 Ke6 34.
Nc1 Ng6 35. Nd3 Nb7 36. Nb4 Nf4 37. g3 c5 38. dxc5 Nxc5 39. gxf4 gxf4 40. Nexd5
g5 41. Nc7+ Kd7 42. Nxb5 Nxb3 43. Nd4 Nc5 44. Nxf5 Ke6 45. Nd4+ Ke5 46. Kg2 Nd7
47. Kh3 Nf6 48. Nd3+ Kd5 49. Nf2 Kc4 50. Ne4 g4+ 51. Kg2 gxf3+ 52. Kxf3 Nd5 53.
Ne2 Ne7 54. Kxf4 Kd3 55. N2g3 Ng6+ 56. Kg5 Ne5 57. Kf4 Ng6+ 58. Kf5 Nh4+ 59.
Kg4 Ng6 1-0

[Event "Østlandsserien 2011/2012, 3. div"]
[Site "Oslo NOR"]
[Date "2011.11.06"]
[Round "1"]
[White "Høva, Frode"]
[Black "Gulliksen, Leif"]
[Result "1-0"]
[WhiteElo "1551"]
[BlackElo "1300"]
[PlyCount "95"]
[EventDate "2011.11.06"]
[WhiteTeam "Follo 2"]
[BlackTeam "Stjernen 3"]

1. d4 d5 2. c4 e6 3. Nc3 Nf6 4. Bg5 Be7 5. Nf3 b6 6. cxd5 exd5 7. e3 O-O 8. Bd3
Ba6 9. O-O Bxd3 10. Qxd3 Re8 11. Rac1 c5 12. dxc5 bxc5 13. Bxf6 Bxf6 14. Qxd5
Na6 15. Rfd1 Qa5 16. Ng5 Bxg5 17. Qxg5 Rad8 18. Rd5 h6 19. Qh5 Rxd5 20. Qxd5
Rd8 21. Qf5 Qb4 22. Qc2 Qa5 23. a3 Nc7 24. h3 Ne6 25. Rd1 c4 26. Rxd8+ Qxd8 27.
Qa4 Qd3 28. Qe8+ Kh7 29. Qxf7 Nc5 30. Nd5 Ne4 31. Ne7 Qd1+ 32. Kh2 Qd6+ 33. f4
Nf6 34. Nf5 Qd7 35. Qxd7 Nxd7 36. Nd6 Nb6 37. e4 Kg8 38. Kg3 Kf8 39. Kf2 Ke7
40. Nf5+ Kd7 41. Ne3 Kc6 42. Ke2 Kc5 43. e5 g6 44. g4 Nc8 45. f5 g5 46. f6 c3
47. bxc3 Kc6 48. f7 1-0

[Event "Østlandsserien 2011/2012, 3. div"]
[Site "Oslo NOR"]
[Date "2011.11.06"]
[Round "1"]
[White "Iversen, Kjell"]
[Black "Thowsen, Alf Geir"]
[Result "1-0"]
[WhiteElo "1293"]
[BlackElo "1166"]
[PlyCount "75"]
[EventDate "2011.11.06"]
[WhiteTeam "Stjernen 3"]
[BlackTeam "Follo 2"]

1. e4 e6 2. d4 d5 3. exd5 exd5 4. Nf3 Nf6 5. Bg5 Be7 6. Nbd2 O-O 7. Bd3 Bg4 8.
O-O Nc6 9. c3 Bh5 10. Qc2 Bg6 11. Bxg6 fxg6 12. Rae1 Qd6 13. Ne5 Rae8 14. Ndf3
Ne4 15. Bxe7 Rxe7 16. Nxc6 Qxc6 17. Ne5 Qd6 18. f3 Nf6 19. Qf2 b6 20. Re3 c5
21. Rfe1 g5 22. Qe2 Rfe8 23. Qd1 Nd7 24. Ng4 Rxe3 25. Nxe3 Nf6 26. Nf5 Rxe1+
27. Qxe1 Qd7 28. Qe5 Qa4 29. Qe6+ Kh8 30. h3 Qd1+ 31. Kh2 Qa4 32. Qf7 Qd7 33.
Qf8+ Ng8 34. Nd6 h6 35. Nf7+ Kh7 36. Ne5 Qe7 37. Qf5+ g6 38. Qxg6+ 1-0

[Event "Østlandsserien 2011/2012, 3. div"]
[Site "Ås, Akershus NOR"]
[Date "2011.12.04"]
[Round "2"]
[White "Johnsen, Sylvia"]
[Black "Moberg, Jan Rune"]
[Result "1-0"]
[WhiteElo "1999"]
[BlackElo "1613"]
[PlyCount "101"]
[EventDate "2011.11.06"]
[WhiteTeam "OSS 5"]
[BlackTeam "Follo 2"]

1. e4 e5 2. Nf3 d6 3. Bc4 c6 4. d3 Be7 5. O-O Nf6 6. c3 O-O 7. Bb3 a6 8. Nbd2
Nbd7 9. Re1 Nc5 10. Bc2 Qc7 11. Nf1 Re8 12. Ne3 Bf8 13. Nf5 Ne6 14. h3 g6 15.
Nh6+ Kh8 16. Nh2 Nf4 17. N2g4 Nxg4 18. Nxg4 Bg7 19. Qf3 h5 20. Nh2 Bh6 21. a4
Kg7 22. a5 Re6 23. d4 Rf6 24. Kh1 Qe7 25. Qg3 Bd7 26. Be3 Rh8 27. Nf3 Rg8 28.
Rad1 Kh7 29. dxe5 dxe5 30. b4 Be8 31. Bc5 Qc7 32. Bb6 Qe7 33. Bd8 Qe6 34. Bxf6
Qxf6 35. Bb3 g5 36. Nh2 c5 37. Bd5 b6 38. axb6 Qxb6 39. Qe3 g4 40. Qxc5 Qxc5
41. bxc5 gxh3 42. g3 Ng2 43. Re2 h4 44. Nf1 hxg3 45. fxg3 Rg6 46. Kh2 Nf4 47.
gxf4 Bxf4+ 48. Kh1 Rg7 49. Nh2 Bd7 50. Rg1 Bg3 51. c6 1-0

[Event "Østlandsserien 2011/2012, 3. div"]
[Site "Ås, Akershus NOR"]
[Date "2011.12.04"]
[Round "2"]
[White "Furnes, Torstein"]
[Black "Rødsmoen, Maud"]
[Result "1-0"]
[WhiteElo "1584"]
[BlackElo "1541"]
[Annotator "Furnes,Torstein"]
[PlyCount "95"]
[EventDate "2011.11.06"]
[WhiteTeam "Follo 2"]
[BlackTeam "OSS 5"]

1. d4 d5 2. c4 c6 3. e3 Bf5 4. Nf3 e6 5. Bd3 Bb4+ 6. Nc3 Bxd3 7. Qxd3 Qa5 8.
Bd2 Qa6 9. b3 Nd7 10. O-O Nb6 11. Ne2 Bxd2 12. Nxd2 Nf6 13. e4 O-O 14. e5 Nfd7
15. Nf4 Rfe8 (15... dxc4) 16. Nh5 Nf8 17. Qg3 Ng6 18. c5 Nd7 19. f4 Qe2 20. Nf3
Qe4 21. Rf2 h6 22. Qg4 b6 23. Re1 Qd3 24. Nh4 $6 $15 Ndf8 $6 $18 (24... Qxd4
25. Nxg6 fxg6 26. Qxg6 Re7 $15) 25. f5 exf5 26. Nxf5 Ne6 27. cxb6 $6 {
Fritz mener her at hvit kunne hatt forsert vinst med} (27. Re3 Qb1+ 28. Rf1 Qc2
29. Nhxg7 $1 Kf8 (29... Nxg7 30. Nxh6+ Kh7 31. Rh3 Rh8 32. Qf3) 30. Nxe6+ Rxe6
31. Nxh6 Re7 32. Ref3) 27... axb6 28. Nd6 $2 $15 {
Igjen kunne hvit spilt følgende vinstvariant:} (28. Re3 Qb1+ 29. Rf1 Qc2 30.
Nhxg7 $1 Kf8 (30... Nxg7 31. Nxh6+ Kh7 32. Rh3 Rh8 33. Qf3) 31. Nxe6+ Rxe6 32.
Nxh6 Re7 33. Ref3) 28... Re7 $6 $18 {Førstevalget til Fritz er} (28... Qxd4 29.
Nxe8 Rxe8 $15 (29... Qxg4 $6 30. Nef6+ gxf6 31. Nxf6+ Kg7 32. Nxg4 $16)) 29.
Nxf7 $6 {Fritz foretrekker følgende variant} (29. Rd1 Qe3 (29... Qc3 30. Rxf7
Qe3+ 31. Kh1 Qg5 32. Qxe6 Rxe6 33. Rxg7+ Kf8 34. Rf1+ Nf4 35. Rxf4+ Qxf4 36.
Nxf4 Rxd6 37. Rc7 $18) 30. Nf5 Qg5 31. Nxe7+ Qxe7 $18) 29... Rf8 $6 ({
Fritz vil heller spille} 29... Kh7) 30. Rd1 {Fritz mener hvit bør spille} (30.
Nf6+ $1 Kxf7 (30... gxf6 31. Nxh6+ Kh8 32. Nf5 Rh7 33. Qxg6) 31. Nxd5+ Ke8 32.
Nxe7 Kxe7 33. d5 Qxd5 (33... cxd5 34. Qb4+ Ke8 35. Qd6) 34. Qxg6) 30... Qe3 {
Fritz mener svart måtte spilt} (30... Qe4 31. Qxe4 dxe4 32. Nd6 $16) 31. Nf6+
$1 Kxf7 (31... gxf6 $2 {går ikke pga} 32. Qxg6+ Ng7 33. Nxh6+ Kh8 34. exf6) 32.
Nxd5+ Qxf2+ 33. Kxf2 cxd5 34. Ke3 ({Kongen står tryggere med} 34. Kg1) 34...
Ngf4 35. g3 Ke8 36. gxf4 Rxf4 37. Qg6+ {
Her mente bakspillerne etter partiet at hvit burde forenklet med} (37. Qxf4
Nxf4 38. Kxf4) 37... Kd7 38. Qg2 Re4+ 39. Kf2 {
Fritz mener det er bedre å spille} (39. Kd2) 39... Rf7+ 40. Kg1 Nxd4 $6 {
Kanskje tapstrekket. Fritz mener svart heller burde angripe med} (40... Rff4) (
40... Nf4) 41. Qg6 Re7 42. Qd6+ Ke8 43. Qxd5 R7xe5 44. Qg8+ Kd7 45. Qxg7+ Kc6
46. Rxd4 $1 Rg5+ 47. Qxg5 Re1+ 48. Kf2 1-0

[Event "Østlandsserien 2011/2012, 3. div"]
[Site "Ås, Akershus NOR"]
[Date "2011.12.04"]
[Round "2"]
[White "Edakina, Maria"]
[Black "Olsen, Trygve"]
[Result "1-0"]
[WhiteElo "1371"]
[BlackElo "1291"]
[PlyCount "57"]
[EventDate "2011.11.06"]
[WhiteTeam "OSS 5"]
[BlackTeam "Follo 2"]

1. d4 d5 2. Nf3 Nc6 3. c4 Nf6 4. Bg5 Be6 5. Nc3 a6 6. Bxf6 exf6 7. cxd5 Bxd5 8.
e4 Bxe4 9. Nxe4 Bb4+ 10. Nc3 O-O 11. Be2 Bd6 12. O-O b5 13. Ne4 Bf4 14. Nc5 Qd5
15. Qb3 Qh5 16. g3 Bd6 17. Rac1 Na5 18. Qc3 Rfe8 19. Bd1 Nc4 20. Nd2 Qh6 21.
Nxc4 bxc4 22. Bf3 Ra7 23. Qxc4 Re7 24. Rfe1 f5 25. Rxe7 Bxe7 26. Re1 c6 27. Qb3
Qd6 28. Qb6 Qc7 29. Rxe7 1-0

[Event "Østlandsserien 2011/2012, 3. div"]
[Site "Ås, Akershus NOR"]
[Date "2011.12.04"]
[Round "2"]
[White "Thowsen, Alf Geir"]
[Black "Sajjadi, Kimiya"]
[Result "0-1"]
[WhiteElo "1166"]
[BlackElo "1124"]
[PlyCount "94"]
[EventDate "2011.11.06"]
[WhiteTeam "Follo 2"]
[BlackTeam "OSS 5"]

1. d4 d5 2. c4 c6 3. e3 Bf5 4. Nc3 e6 5. Nf3 Nd7 6. c5 a5 7. Bd3 Bxd3 8. Qxd3
b6 9. cxb6 Qxb6 10. O-O Bd6 11. Rb1 f6 12. Bd2 a4 13. Rfc1 Ne7 14. Qc2 Qa7 15.
e4 e5 16. dxe5 Nxe5 17. Nxe5 Bxe5 18. exd5 cxd5 19. Qd1 O-O 20. Qg4 Bxc3 21.
Bxc3 Ng6 22. h4 Ne5 23. Qd4 Qxd4 24. Bxd4 Rac8 25. Rc3 Rc4 26. Bxe5 fxe5 27.
Rxc4 dxc4 28. Rc1 Rc8 29. Rc3 Kf7 30. g3 Ke6 31. Kf1 e4 32. Ke2 Kd5 33. Ke3 Rf8
34. Ke2 Kd4 35. Ra3 Rb8 36. Rxa4 Rxb2+ 37. Kf1 Kd3 38. Ra7 Rb1+ 39. Kg2 c3 40.
Rd7+ Ke2 41. Rc7 Kd2 42. Rd7+ Kc2 43. a4 Ra1 44. Ra7 Kc1 45. a5 c2 46. a6 Kd2
47. Rd7+ Ke2 0-1

[Event "Østlandsserien 2011/2012, 3. div"]
[Site "Oslo NOR"]
[Date "2012.01.15"]
[Round "3"]
[White "Moberg, Jan Rune"]
[Black "Barker, Daniel"]
[Result "0-1"]
[WhiteElo "1603"]
[BlackElo "1664"]
[PlyCount "138"]
[EventDate "2011.11.06"]
[WhiteTeam "Follo 2"]
[BlackTeam "1911 3"]

1. d4 Nf6 2. Bg5 e6 3. Nf3 Be7 4. e3 d5 5. Bd3 O-O 6. Nbd2 Nbd7 7. O-O c5 8. c3
Qc7 9. Rc1 e5 10. dxe5 Nxe5 11. Nxe5 Qxe5 12. Nf3 Qc7 13. c4 Rd8 14. Qc2 h6 15.
Bh4 Bg4 16. Bg3 Bd6 17. Rfd1 Bxg3 18. hxg3 dxc4 19. Qxc4 b6 20. Be2 Be6 21. Qc2
Rac8 22. b3 Bd5 23. Nh4 Qe7 24. Ba6 Be4 25. Qe2 Rxd1+ 26. Rxd1 Rd8 27. Rd2 Bh7
28. Qd1 Rxd2 29. Qxd2 Qd7 30. Qxd7 Nxd7 31. Bc8 Ne5 32. Nf5 Nd3 33. Ne7+ Kf8
34. Nd5 Be4 35. Nc3 Bc6 36. Bf5 Nb4 37. f3 Ke7 38. Kf2 Kd6 39. Bb1 a6 40. a3
Nd5 41. Ne4+ Ke6 42. Bc2 f5 43. Nd2 b5 44. e4 Ne7 45. Ke3 a5 46. a4 fxe4 47.
fxe4 Ng6 48. Nf3 Ne5 49. Kd2 g5 50. Ke3 Kd6 51. Kd2 b4 52. Ke3 Bb7 53. Nd2 Ba6
54. Bd1 c4 55. Kd4 Nc6+ 56. Ke3 c3 57. Nf3 Bf1 58. Ne1 Ne5 59. Bc2 Kc5 60. Kf2
Ba6 61. Ke3 Ng4+ 62. Kf3 Nh2+ 63. Ke3 Nf1+ 64. Kf2 g4 65. Bd1 h5 66. Nc2 Nd2
67. e5 Nxb3 68. Ne3 Nd4 69. Ke1 Bc8 0-1

[Event "Østlandsserien 2011/2012, 3. div"]
[Site "Oslo NOR"]
[Date "2012.01.15"]
[Round "3"]
[White "Johansen, Torbjørn Reidar"]
[Black "Furnes, Torstein"]
[Result "1-0"]
[WhiteElo "1645"]
[BlackElo "1585"]
[PlyCount "63"]
[EventDate "2011.11.06"]
[WhiteTeam "1911 3"]
[BlackTeam "Follo 2"]

1. e4 c5 2. Nf3 Nc6 3. c3 d6 4. d4 cxd4 5. cxd4 Bg4 6. Be2 e6 7. O-O d5 8. exd5
exd5 9. Re1 Be7 10. Nc3 Nf6 11. h3 Bf5 12. Bg5 O-O 13. a3 h6 14. Bf4 Bd6 15.
Bxd6 Qxd6 16. Ne5 Nxe5 17. dxe5 Qxe5 18. Bf3 Qf4 (18... Be4 19. Nxd5 Rad8 $11)
19. Nxd5 Nxd5 20. Qxd5 Rab8 21. Re3 Rfd8 22. Qa5 b6 (22... a6 $2 23. Bxb7 $1)
23. Qxa7 Rd2 24. Rae1 Rxb2 $2 {Tapstrekket. Nå har hvit forsert vinst.} 25. g3
$1 Qd6 26. Re8+ Rxe8 27. Rxe8+ Kh7 28. Qxf7 Qc5 29. Qg8+ Kg6 30. Re6+ $1 Bxe6
31. Qxe6+ Kh7 32. Be4+ 1-0

[Event "Østlandsserien 2011/2012, 3. div"]
[Site "Oslo NOR"]
[Date "2012.01.15"]
[Round "3"]
[White "Hovland, Arne"]
[Black "Jacobsen, Trond"]
[Result "0-1"]
[WhiteElo "1579"]
[BlackElo "1346"]
[PlyCount "100"]
[EventDate "2011.11.06"]
[WhiteTeam "Follo 2"]
[BlackTeam "1911 3"]

1. d4 d5 2. c4 e6 3. Nc3 Nf6 4. cxd5 exd5 5. Qc2 c6 6. Bf4 Bd6 7. Bg3 Bg4 8. e3
Qc7 9. Nf3 Bxf3 10. gxf3 Nbd7 11. b4 a6 12. Bd3 h6 13. e4 Bxg3 14. fxg3 dxe4
15. fxe4 Qb6 16. O-O Qxd4+ 17. Kh1 Ne5 18. Rad1 Nxd3 19. Rxd3 Qxb4 20. Rb1 Qe7
21. Re1 Qe5 22. Re2 O-O 23. Kg2 Rfd8 24. Rd1 Rxd1 25. Nxd1 Rd8 26. Nf2 h5 27.
Nd3 Qd4 28. Nf2 Ng4 29. Nxg4 hxg4 30. h3 gxh3+ 31. Kxh3 Qd3 32. Qb2 Qb5 33. Qc2
Qe5 34. Kg2 c5 35. Rf2 Rd4 36. Rf4 b5 37. a3 Rc4 38. Qe2 Ra4 39. Qg4 Qe6 40.
Qh4 Rd4 41. Rg4 Rd2+ 42. Kh3 Qa2 43. Rxg7+ Kxg7 44. Qg5+ Kf8 45. Qxc5+ Ke8 46.
Qc8+ Rd8 47. Qc6+ Rd7 48. Qc8+ Ke7 49. Qc5+ Kd8 50. Qb6+ Ke8 0-1

[Event "Østlandsserien 2011/2012, 3. div"]
[Site "Oslo NOR"]
[Date "2012.01.15"]
[Round "3"]
[White "Fjellestad, Helge"]
[Black "Høva, Frode"]
[Result "0-1"]
[WhiteElo "1425"]
[BlackElo "1585"]
[PlyCount "82"]
[EventDate "2011.11.06"]
[WhiteTeam "1911 3"]
[BlackTeam "Follo 2"]

1. e4 c5 2. c3 Nf6 3. e5 Nd5 4. d4 cxd4 5. cxd4 Nc6 6. Nf3 d6 7. Be2 Bg4 8. O-O
e6 9. Re1 Be7 10. Qb3 Qc7 11. Nc3 Nxc3 12. Qxc3 dxe5 13. Bb5 Bxf3 14. Qxf3 exd4
15. Qg4 Bf6 16. Bf4 Qd7 17. Be5 Bxe5 18. Rxe5 O-O 19. Rh5 g6 20. Rd1 Rad8 21.
Rd3 f5 22. Qg5 Qe7 23. Bc4 Qxg5 24. Rxg5 Kg7 25. Rd1 e5 26. h4 e4 27. Rg3 d3
28. h5 Nd4 29. Rh3 Ne2+ 30. Kf1 Nf4 31. h6+ Kf6 32. Re3 Ne2 33. Ke1 Nd4 34. Kd2
Rc8 35. Bxd3 exd3 36. Rxd3 Ne6 37. Ke1 Rfd8 38. Rd7 Rxd7 39. Rxd7 Rc7 40. Rd2
Kg5 41. g3 Kxh6 0-1

[Event "Østlandsserien 2011/2012, 3. div"]
[Site "Oslo NOR"]
[Date "2012.02.12"]
[Round "4"]
[White "Moberg, Jan Rune"]
[Black "Gundersen, Vegard"]
[Result "1-0"]
[WhiteElo "1603"]
[BlackElo "1268"]
[PlyCount "73"]
[EventDate "2011.11.06"]
[WhiteTeam "Follo 2"]
[BlackTeam "Kampen på brettet"]

1. d4 Nf6 2. Bg5 e6 3. e3 d5 4. Bd3 Be7 5. Nd2 O-O 6. Ngf3 Nbd7 7. O-O c5 8. c3
h6 9. Bh4 b6 10. Rc1 Bb7 11. Bb1 Rc8 12. Re1 Ne4 13. Bxe7 Qxe7 14. Nxe4 dxe4
15. Ne5 Nxe5 16. dxe5 f5 17. exf6 Qxf6 18. Qe2 Rc7 19. Red1 Rcf7 20. Rd2 Qg5
21. Qf1 Qe5 22. Qd1 Qg5 23. Rcc2 Bc8 24. Rd6 e5 25. Rcd2 Bg4 26. Qe1 Bh3 27.
Bxe4 Qg4 28. Qb1 Qg5 29. Bd5 Kh8 30. Qd3 Rf5 31. Be4 g6 32. g3 h5 33. Bxf5 gxf5
34. Qd5 e4 35. Qe5+ Kg8 36. Qf4 Qxf4 37. exf4 1-0